00465nam a2200157Ia 4500008004100000020001800041082001500059100002100074245004900095250000800144260003700152300002800189500001900217600002100236650005000257240925s9999 xx 000 0 und d a9788120338104 a004.36 CRI aCrichlow M. Joel 0aDistributed Systems: computing over networks a1st aNew Delhi:bPHI Learningc,2009. axvi,489p.bNAfOriginal aIncludes Index aComputer Science aComputer science, information & general works